KOHA-Header-6

Quantitative Methods for Banking and Finance (Record no. 10089)

000 -LEADER
fixed length control field 00287nam a2200109Ia 4500
100 ## - MAIN ENTRY--AUTHOR NAME
Personal name A.S.Ramasastri
245 #0 - TITLE STATEMENT
Title Quantitative Methods for Banking and Finance
260 ## - PUBLICATION, DISTRIBUTION, ETC. (IMPRINT)
Place of publication New Delhi
Name of publisher Mac Meillan
Year of publication 2008
300 ## - PHYSICAL DESCRIPTION
Number of Pages 64
942 ## - ADDED ENTRY ELEMENTS (KOHA)
Koha item type Books
Holdings
Withdrawn status Lost status Collection code Permanent Location Current Location Shelving location Date acquired Full call number Accession Number Koha item type
    Banking MAJU MAJU Shelf No.A45 2019-09-14 658.15 6189 Banking

Powered by Koha